000 00465nam a22001217a 4500
999 _c21369
_d21369
008 240906b ||||| |||| 00| 0 eng d
100 _aDe Guzman, Rahima P.
_eauthor.
_960284
245 _aEpitome of 21st century leaders :
_bservant leader /
_cRahima P. De Guzman.
260 _aPhilippines;
_bPublishers Association of the Philippines, Inc.,
_cAugust 2019.
300 _aVolume 168, pages 88.
700 _aDe Guzman, Rahima P.
_eauthor.
_960284
942 _2ddc
_cPER